000 00467nam a2200169Ia 4500
008 220216s9999 xx 000 0 und d
100 _aLee Y -J
245 4 _aThe effect of network formation on the rheological properties of SBR modified asphalt binders
260 _bRubber India
_c1997
300 _a17-23
650 _aAsphalt binders
650 _aRheological properties
700 _aFrance M
700 _aHawley M C
700 _aLawrence
942 _cJS
999 _c70626
_d70626